Internationale Politik und Gesellschaft. International Politics and Society
| Korporativní autor: | |
|---|---|
| Médium: | Seriál |
| Jazyk: | Spanish English German |
| Témata: |
MARC
| LEADER | 00000cas a2200000 a 4500 | ||
|---|---|---|---|
| 003 | Ucuenca | ||
| 005 | 20230308225018.0 | ||
| 008 | 005011|2004 gw |||||r|||||||||||spa|| | ||
| 022 | |a 0945-2419 | ||
| 040 | |b spa | ||
| 041 | 0 | |a eng | |
| 041 | 0 | |a ger | |
| 082 | 0 | |a 320.05 |b F844i | |
| 110 | 1 | |9 198312 |a Friedrich Ebert Foundation | |
| 245 | 0 | |a Internationale Politik und Gesellschaft. International Politics and Society |c Friedrich Ebert Foundation |h imp | |
| 264 | |a Bonn |b Friedrich Ebert Foundation |c 2004 | ||
| 300 | |a 192 páginas: |c 18.5 cm | ||
| 362 | |a No. 4 (2004) | ||
| 650 | 1 | |a Mujer arabe |9 198448 | |
| 650 | 0 | |a Medio oriente |9 10297 | |
| 650 | 1 | |a Revista internationale politik und gesellschaft |9 198322 | |
| 852 | |a UC-CDJBV | ||
| 942 | |c SER |z vanessa.morales@ucuenca.edu.ec | ||
| 999 | |c 151116 |d 151116 | ||